000 00451cam a2200193ua 4500
001 9229
008 160301n xxk |||gr||||Z||||||eng
020 _a0415079179
040 _cMAIN
041 _aeng
082 _a306.81
100 _aRussell, B.,
_eAuthor.
245 _aMarriage and morals
_cBy Bertrand Russell
250 _a1st.
260 _aLondon:
_bRoutledge,
_c1996.
300 _a204p.
653 _aCulture & institutions
942 _cBK
999 _c8298
_d8298